<?xml version="1.0" encoding="UTF-8"?>
<collection xmlns="http://www.loc.gov/MARC21/slim">
<record>
  <controlfield tag="001">158247</controlfield>
  <controlfield tag="005">20250520134311.0</controlfield>
  <datafield tag="037" ind1=" " ind2=" ">
    <subfield code="a">GDOC-2024-28553</subfield>
  </datafield>
  <datafield tag="970" ind1=" " ind2=" ">
    <subfield code="a">GDOC-2024-28553</subfield>
  </datafield>
  <datafield tag="041" ind1=" " ind2=" ">
    <subfield code="a">spa</subfield>
  </datafield>
  <datafield tag="041" ind1=" " ind2=" ">
    <subfield code="a">eng</subfield>
  </datafield>
  <datafield tag="540" ind1=" " ind2=" ">
    <subfield code="a">by-nc-sa</subfield>
    <subfield code="b">Creative Commons</subfield>
    <subfield code="c">3.0</subfield>
    <subfield code="u">http://creativecommons.org/licenses/by-nc-sa/3.0/</subfield>
  </datafield>
  <datafield tag="260" ind1=" " ind2=" ">
    <subfield code="a">Zaragoza</subfield>
    <subfield code="b">Universidad de Zaragoza</subfield>
    <subfield code="c">2024-2025</subfield>
  </datafield>
  <datafield tag="245" ind1="0" ind2="0">
    <subfield code="9">28553</subfield>
    <subfield code="a">Prácticas externas</subfield>
  </datafield>
  <datafield tag="242" ind1="0" ind2="0">
    <subfield code="9">28553</subfield>
    <subfield code="a">Internships</subfield>
  </datafield>
  <datafield tag="100" ind1=" " ind2=" ">
    <subfield code="0">(orcid)0000-0002-8118-1012</subfield>
    <subfield code="a">Antonio Aguelo, Arguis</subfield>
    <subfield code="1">115437</subfield>
  </datafield>
  <datafield tag="700" ind1=" " ind2=" ">
    <subfield code="0">(orcid)0000-0002-4497-7871</subfield>
    <subfield code="a">Ana Cristina Arbués, Dieste</subfield>
    <subfield code="1">315659</subfield>
  </datafield>
  <datafield tag="700" ind1=" " ind2=" ">
    <subfield code="0">(orcid)0000-0002-1266-7465</subfield>
    <subfield code="a">Nuria Julia Ayerra, Duesca</subfield>
    <subfield code="1">333377</subfield>
  </datafield>
  <datafield tag="700" ind1=" " ind2=" ">
    <subfield code="0">(orcid)0000-0002-5757-3681</subfield>
    <subfield code="a">Juan Luis Azkue, Beteta</subfield>
    <subfield code="1">585811</subfield>
  </datafield>
  <datafield tag="700" ind1=" " ind2=" ">
    <subfield code="0">(orcid)0000-0002-7716-0593</subfield>
    <subfield code="a">Luis Carlos Bandrés, Oróñez</subfield>
    <subfield code="1">144941</subfield>
  </datafield>
  <datafield tag="700" ind1=" " ind2=" ">
    <subfield code="0">(orcid)0000-0003-3290-4680</subfield>
    <subfield code="a">Luis Cantarero, Abad</subfield>
    <subfield code="1">384420</subfield>
  </datafield>
  <datafield tag="700" ind1=" " ind2=" ">
    <subfield code="0">(orcid)0000-0002-8077-5919</subfield>
    <subfield code="a">Ángela Castillo, Murciego</subfield>
    <subfield code="1">552712</subfield>
  </datafield>
  <datafield tag="700" ind1=" " ind2=" ">
    <subfield code="0">(orcid)0000-0002-9645-8109</subfield>
    <subfield code="a">Elena Fernández, del Río</subfield>
    <subfield code="1">391158</subfield>
  </datafield>
  <datafield tag="700" ind1=" " ind2=" ">
    <subfield code="0">(orcid)0000-0003-3651-2879</subfield>
    <subfield code="a">Esperanza García, Uceda</subfield>
    <subfield code="1">480357</subfield>
  </datafield>
  <datafield tag="700" ind1=" " ind2=" ">
    <subfield code="0">(orcid)0009-0004-9164-3569</subfield>
    <subfield code="a">Natalia Herrero, Tomás</subfield>
    <subfield code="1">419196</subfield>
  </datafield>
  <datafield tag="700" ind1=" " ind2=" ">
    <subfield code="0">(orcid)0000-0002-8486-6885</subfield>
    <subfield code="a">María Pilar Latorre, Martínez</subfield>
    <subfield code="1">432050</subfield>
  </datafield>
  <datafield tag="700" ind1=" " ind2=" ">
    <subfield code="0">(orcid)0000-0002-3393-2061</subfield>
    <subfield code="a">Javier Martín, Peña</subfield>
    <subfield code="1">391269</subfield>
  </datafield>
  <datafield tag="700" ind1=" " ind2=" ">
    <subfield code="0">(orcid)0000-0003-2049-0353</subfield>
    <subfield code="a">José Alberto Nicolás, Bernad</subfield>
    <subfield code="1">326381</subfield>
  </datafield>
  <datafield tag="700" ind1=" " ind2=" ">
    <subfield code="0">(orcid)0000-0001-6565-9699</subfield>
    <subfield code="a">Bárbara Oliván, Blazquez</subfield>
    <subfield code="1">409080</subfield>
  </datafield>
  <datafield tag="700" ind1=" " ind2=" ">
    <subfield code="0">(orcid)0000-0001-7914-2623</subfield>
    <subfield code="a">Carlos Saenz, Royo</subfield>
    <subfield code="1">328975</subfield>
  </datafield>
  <datafield tag="700" ind1=" " ind2=" ">
    <subfield code="0">(orcid)0000-0002-2663-2976</subfield>
    <subfield code="a">Elena María Santor, Salcedo</subfield>
    <subfield code="1">327344</subfield>
  </datafield>
  <datafield tag="700" ind1=" " ind2=" ">
    <subfield code="0">(orcid)0000-0003-2985-2453</subfield>
    <subfield code="a">Susana Torrente, Gari</subfield>
    <subfield code="1">128445</subfield>
  </datafield>
  <datafield tag="830" ind1=" " ind2=" ">
    <subfield code="9">428</subfield>
  </datafield>
  <datafield tag="856" ind1="4" ind2=" ">
    <subfield code="s">24657</subfield>
    <subfield code="u">http://zaguan.unizar.es/record/158247/files/guia-28553-en.pdf</subfield>
    <subfield code="y">Guide (english)</subfield>
  </datafield>
  <datafield tag="856" ind1="4" ind2=" ">
    <subfield code="s">9455</subfield>
    <subfield code="u">http://zaguan.unizar.es/record/158247/files/guia-28553-es.pdf</subfield>
    <subfield code="y">Guía (idioma español)</subfield>
  </datafield>
  <datafield tag="521" ind1=" " ind2=" ">
    <subfield code="9">138</subfield>
    <subfield code="a">Grado en Relaciones Laborales y Recursos Humanos</subfield>
    <subfield code="b">Degree in Labour Relations and Human Resources</subfield>
  </datafield>
  <datafield tag="980" ind1=" " ind2=" ">
    <subfield code="a">GDOC</subfield>
    <subfield code="b">Ciencias Sociales y Jurídicas</subfield>
    <subfield code="b">Social Sciences and Law</subfield>
    <subfield code="c">108</subfield>
  </datafield>
</record>
</collection>